Statistics for MLB 2024 Projected Pitching Rotations

Click here to take the quiz!

General Stats

  • This quiz has been taken 246 times
  • The average score is 60 of 180

Answer Stats

TeamPosPlayer% Correct
NYY1Gerrit Cole
95%
BAL1Corbin Burnes
74%
NYY2Carlos Rodon
71%
NYY3Marcus Stroman
71%
PHI2Aaron Nola
70%
ATL1Spencer Strider
69%
HOU2Justin Verlander
67%
TOR1Kevin Gausman
67%
HOU1Framber Valdez
65%
CLE1Shane Bieber
65%
NYY4Nestor Cortes
64%
PHI1Zack Wheeler
64%
TEX2Jon Gray
63%
SEA1Luis Castillo
63%
ATL2Max Fried
63%
STL1Sonny Gray
62%
LAD2Tyler Glasnow
61%
ATL3Chris Sale
60%
TOR2Jose Berrios
60%
ARI4Eduardo Rodriguez
59%
HOUCPJosh Hader
59%
WAS1Josiah Gray
58%
SD1Yu Darvish
58%
ARI1Zac Gallen
58%
BAL3Grayson Rodriguez
57%
MIN1Pablo Lopez
56%
CHC1Justin Steele
54%
BOSCPKenley Jansen
54%
SEA5Bryan Woo
53%
CWS1Dylan Cease
53%
SF1Logan Webb
53%
TOR5Alek Manoah
51%
TEX1Nathan Eovaldi
51%
OAK3Alex Wood
50%
BOS1Brayan Bello
50%
LAD1Yoshinobu Yamamoto
50%
BALCPCraig Kimbrel
49%
MILCPDevin Williams
49%
PHI3Ranger Suarez
49%
NYMCPEdwin Diaz
48%
CLECPEmmanuel Clase
48%
CINCPAlexis Diaz
47%
NYYCPClay Holmes
47%
SEA2George Kirby
47%
SD2Joe Musgrove
47%
NYM1Kodai Senga
47%
STL2Miles Mikolas
47%
MIL1Freddy Peralta
46%
DET1Tarik Skubal
46%
BAL2Kyle Bradish
45%
SDCPRobert Suarez
45%
CIN1Hunter Greene
44%
PIT1Mitch Keller
44%
LAD4Bobby Miller
43%
CLE4Gavin Williams
43%
WAS4Trevor Williams
43%
SEA4Bryce Miller
42%
ATLCPRaisel Iglesias
42%
TB1Zach Eflin
42%
STL3Lance Lynn
41%
ARI2Merrill Kelly
41%
STL5Drew Rom
40%
STL4Kyle Gibson
40%
SEA3Logan Gilbert
40%
TOR3Chris Bassitt
39%
TORCPJordan Romano
39%
CHC2Kyle Hendricks
39%
NYM2Luis Severino
39%
WAS2Patrick Corbin
39%
ATL4Charlie Morton
37%
HOU3Cristian Javier
37%
PITCPDavid Bednar
36%
MINCPJhoan Duran
36%
BOS2Nick Pivetta
36%
TOR4Yusei Kikuchi
36%
MIA1Jesus Luzardo
35%
LAA3Patrick Sandoval
35%
CLE2Triston McKenzie
35%
LAD3Walker Buehler
35%
NYY5Clarke Schmidt
34%
COL5German Marquez
34%
KC2Brady Singer
33%
COL2Kyle Freeland
33%
PIT5Martin Perez
33%
PHI4Taijuan Walker
33%
MIA3Eury Perez
32%
KC1Cole Ragans
31%
BAL4John Means
31%
ARICPPaul Sewald
31%
MIN2Joe Ryan
30%
ARI3Brandon Pfaadt
29%
DET2Kenta Maeda
29%
BOS3Kutter Crawford
29%
LAA1Reid Detmers
29%
KC5Seth Lugo
29%
TB2Aaron Civale
28%
OAK1Paul Blackburn
28%
CLE3Tanner Bibee
28%
LAA4Tyler Anderson
28%
SFCPCamilo Doval
27%
LADCPEvan Phillips
27%
TEXCPJose Leclerc
27%
NYM3Jose Quintana
27%
CHC3Shota Imanaga
27%
PHI5Cristopher Sanchez
26%
LAD5James Paxton
26%
SD3Michael King
26%
BOS5Tanner Houck
26%
BAL5Dean Kremer
25%
DET3Jack Flaherty
25%
PHICPJose Alvarado
25%
SEACPAndres Munoz
24%
ATL5Bryce Elder
24%
WAS3MacKenzie Gore
24%
TEX3Andrew Heaney
23%
CWS4Garrett Crochet
23%
KC3Michael Wacha
23%
MIA4Edward Cabrera
22%
BOS4Garrett Whitlock
22%
SF3Jordan Hicks
22%
CLE5Logan Allen
22%
TBCPPete Fairbanks
22%
NYM4Sean Manaea
22%
CWS3Michael Soroka
21%
CIN5Nick Martinez
21%
TEX4Dane Dunning
20%
HOU4Jose Urquidy
20%
PIT3Marco Gonzales
20%
SF4Alex Cobb
19%
DET4Casey Mize
19%
CHC4Jameson Taillon
19%
OAK2J.P. Sears
19%
CIN3Nick Lodolo
19%
TB5Taj Bradley
19%
MIACPTanner Scott
19%
MIA5Trevor Rogers
19%
NYM5Adrian Houser
18%
SF2Kyle Harrison
18%
HOU5Lance McCullers
18%
MIN3Bailey Ober
17%
COL1Cal Quantrill
17%
CIN4Graham Ashcraft
17%
CWS2Michael Kopech
17%
COL3Austin Gomber
16%
MIA2Braxton Garrett
16%
WAS5Jake Irvin
16%
STLCPRyan Helsley
16%
CHCCPAdbert Alzolay
15%
CIN2Andrew Abbott
15%
LAACPCarlos Estevez
15%
MIL4Colin Rea
15%
DET5Matt Manning
15%
MIL2Wade Miley
14%
MIN4Chris Paddack
13%
WASCPKyle Finnegan
13%
LAA2Griffin Canning
12%
CHC5Javier Assad
12%
KC4Jordan Lyles
12%
OAK4Ross Stripling
12%
TB3Zack Littell
12%
DETCPAlex Lange
11%
KCCPCarlos Hernandez
11%
SF5Keaton Winn
11%
COL4Dakota Hudson
10%
COLCPJustin Lawrence
10%
TB4Ryan Pepiot
10%
LAA5Zach Plesac
10%
MIN5Anthony DeSclafani
9%
SD5Jhony Brito
9%
CWS5Chris Flexen
8%
TEX5Cody Bradford
7%
MIL3Joe Ross
7%
SD4Randy Vasquez
6%
PIT2Bailey Falter
5%
OAKCPLucas Erceg
3%
OAK5Joe Boyle
2%
PIT4Quinn Priester
2%
MIL5Robert Gasser
2%
CWSCPTanner Banks
2%
ARI5Humberto Castellanos
0%

Score Distribution

Percentile by Number Answered

Percent of People with Each Score

Your Score History

You have not taken this quiz